| 000 | 00423cam a2200145 4500 | ||
|---|---|---|---|
| 001 | ##L131852 | ||
| 008 | 051213n1999 000 0 eng u | ||
| 035 | _a(Sirsi) u131852 | ||
| 041 | 0 | _aeng | |
| 100 | 1 | _aMusole, Maliti | |
| 245 | 0 | 0 | _aCorrelation of prices with valuations. The Zambian experience |
| 260 |
_aLondon _bRICS _c1999 |
||
| 690 | _aPROPERTY-PROPERTY VALUATION AND APPRAISAL-VALUATION ACCURACY | ||
| 942 | _n0 | ||
| 999 |
_c104873 _d104873 |
||